000 00539nam a22001817a 4500
003 CEME
005 20210628202933.0
008 210119b xxu||||| |||| 00| 0 eng d
020 _a1-4020-1810-X
040 _c.
082 _a629.892 CEC
100 _aCeccarelli, Marco
_962417
245 _aFundamentals of mechanics of robotic manipulation
260 _aBOSTON
_bKULWER ACADEMIC PRESS
_c2004
300 _aXI,310P
650 _aMECHANICS OF ROBOTICS.MECHANICS OF ROBOTIC MANIPULATION.ROBOTIC MANIPULATION
_962418
942 _cBK
_2ddc
999 _c571532
_d571532